| 000 | 01596nam a2200409 a 4500 | ||
|---|---|---|---|
| 999 |
_c120557 _d120557 |
||
| 003 | BLK | ||
| 005 | 20250519092314.0 | ||
| 008 | 180409b bul|||||r ||||||| ||bul|| | ||
| 010 | _aKNG00126173000 | ||
| 040 | _aBLK | ||
| 041 |
_aRUS _cRUS |
||
| 080 |
_aСалонни и танцови оркестри. Естраден оркестър. Джаз. Рок _b785.161 _z785.161 |
||
| 100 | 1 |
_aСарджент, Уинтроп _eпърви автор _9118998 |
|
| 139 |
_aСарджент, Уинтроп _bС 20 |
||
| 245 | 1 | 0 |
_aДжаз _bГенезис : Музыкальный язык : Эстетика _cУинтроп Сарджент. |
| 257 | _aUSA | ||
| 260 |
_aМосква _bМузыка _c1987 |
||
| 300 |
_a296 с. _bс ноти _c21 см |
||
| 380 | _a7 | ||
| 500 | _aБиблиогр. с. 265 - 285. - Именен указател. - Бел. под линия. - Речник на термините. | ||
| 650 | 4 |
_aДжаз - история _9282905 |
|
| 650 | 4 |
_aОркестри, джазови, естрадни _9277971 |
|
| 653 | _aджаз | ||
| 653 | _aистория | ||
| 653 | _aестетика | ||
| 653 | _aпроизход | ||
| 653 | _aхармония | ||
| 653 | _aджазови оркестри | ||
| 653 | _aмузикални жанрове | ||
| 852 | _aЦб 148941 | ||
| 856 | 4 |
_qpdf _i0.00 _ldisable |
|
| 856 | 4 |
_qpdf _i0.00 _ldisable |
|
| 942 |
_cKNG _n0 _s1 _01 |
||
| 944 |
_aCR _c24.10.2011 _lРусанова Ирена _k30542 |
||
| 944 |
_aED _c2023-05-10 _l2023-05-10 |
||
| 999 | _d120557 | ||